[Event "Pan American-ch U20"]
[Site "San Salvador"]
[Date "2015.07.21"]
[Round "9"]
[White "Carrera Gonzalez, Enmanuel"]
[Black "Johnson, Joshua"]
[Result "1-0"]
[WhiteElo "2171"]
[BlackElo "2211"]
[PlyCount "97"]
[EventDate "2015.07.16"]
[EventType "swiss"]
[EventRounds "9"]
[EventCountry "ESA"]
[SourceTitle "EXT 2016"]
[Source "ChessBase"]
[SourceDate "2015.10.08"]
[SourceVersion "1"]
[SourceVersionDate "2015.10.08"]
[SourceQuality "1"]

1. e4 c5 2. Nf3 d6 3. Bb5+ Bd7 4. Bxd7+ Qxd7 5. c4 Nc6 6. d4 cxd4 7. Nxd4 Nf6 8. Nc3 g6 9. f3 Bg7 10. Be3 0-0 11. 0-0 a6 12. a4 Rac8 13. b3 Qd8 14. Nde2 Qa5 15. Rc1 Rfd8 16. Qd2 e6 17. Rfd1 Qb4 18. Qc2 Na5 19. Rb1 b5 20. Na2 Qa3 21. Bb6 Nb7 22. Bxd8 Nxd8 23. Nac3 Qc5+ 24. Kf1 d5 25. exd5 exd5 26. Qd3 dxc4 27. bxc4 Ne6 28. axb5 axb5 29. cxb5 Qe5 30. Qd6 Qf5 31. b6 Ne8 32. Qd3 Qe5 33. Nd5 Bf8 34. f4 Qh5 35. h3 Nc5 36. Qg3 Rb8 37. Qg4 Qh6 38. Nd4 Qg7 39. Nc6 f5 40. Qe2 Ne4 41. Qa2 Bc5 42. Nf6+ Kh8 43. Nxe4 fxe4 44. Nxb8 Qf8 45. Qb2+ Kg8 46. Qb3+ Kg7 47. Rd7+ Kh6 48. Qf7 Qh8 49. g4 1-0

[Event "Pan American-ch U20"]
[Site "San Salvador"]
[Date "2015.07.17"]
[Round "2"]
[White "Cori Quispe, Kevin Joel"]
[Black "Carrera Gonzalez, Enmanuel"]
[Result "1-0"]
[WhiteElo "2369"]
[BlackElo "2171"]
[PlyCount "93"]
[EventDate "2015.07.16"]
[EventType "swiss"]
[EventRounds "9"]
[EventCountry "ESA"]
[SourceTitle "EXT 2016"]
[Source "ChessBase"]
[SourceDate "2015.10.08"]
[SourceVersion "1"]
[SourceVersionDate "2015.10.08"]
[SourceQuality "1"]

1. e4 e5 2. Nf3 Nc6 3. Bc4 Nf6 4. d3 Be7 5. c3 0-0 6. 0-0 d6 7. Bb3 Bg4 8. h3 Bh5 9. Nbd2 Kh8 10. Re1 Qd7 11. Nf1 Na5 12. Bc2 c5 13. Ng3 Bg6 14. d4 cxd4 15. cxd4 Nc6 16. d5 Nb4 17. Bb1 Bd8 18. a3 Na6 19. Bg5 Nh5 20. Bxd8 Qxd8 21. Nxh5 Bxh5 22. g4 Bg6 23. b4 Rc8 24. Qd2 Qb6 25. Bd3 f6 26. Rac1 Kg8 27. Qe2 Nb8 28. Nd2 Qd8 29. Qe3 b6 30. Bb5 a6 31. Bd3 b5 32. Nb3 Rf7 33. Kg2 Rfc7 34. Rxc7 Qxc7 35. Rc1 Qb7 36. Rxc8+ Qxc8 37. Qb6 Qf8 38. Na5 h5 39. Qc7 hxg4 40. hxg4 Kh7 41. Nb7 Bf7 42. Nxd6 Bg8 43. Nf5 Kg6 44. Be2 Bf7 45. Ne7+ Kh6 46. Qc1+ Kh7 47. Qh1+ 1-0